Представление документа в формате MARC21

Поле Инд. ПП Название Значение
Тип записи a
Библиографический уровень m
001 Контрольный номер c8f68396-e590-46ea-a788-a16c2ba0fce9
005 Дата корректировки 20140226215028.7
008 Кодируемые данные 000921 d
020 a ISBN 5-16-000156-5
040 a Служба первич. каталог. НБ ТвГУ
041 a Код языка текста rus
080 a Индекс УДК 338.24:330.131.7(075.8)
a Индекс УДК 338.246.027.7:658(075.8)
084 a Индекс другой классификации/Индекс ББК У529-21я731-1
090 x Авторский знак А72
a Полочн. индекс У529
100 1_ a Автор КОРОТКОВ ЭДУАРД МИХАЙЛОВИЧ
245 0_ a Заглавие Антикризисное управление
b Продолж. заглавия Учеб. для студентов вузов, обучающихся по экон. спец.
c Ответственность [Авт.: Э.М. Коротков, А.А. Беляев, Д.В. Валовой и др.]; Под ред. Э.М. Короткова; Гос. ун-т упр.
c Ответственность Гос. ун-т упр.
260 0_ a Место издания Москва
b Издательство ИНФРА-М
c Дата издания 2000
300 a Объем 431 с.
b Иллюстрации/ тип воспроизводства табл.
440 a Серия Высш. образование
504 a Библиография Библиогр. в конце глав.
650 a Основная рубрика Предприятия см. также Фирмы
x Основная подрубрика Экономика
x Основная подрубрика Менеджмент антикризисный
x Основная подрубрика Финансовое состояние
x Основная подрубрика Риски (экон.)
x Основная подрубрика Инновации
x Основная подрубрика Инвестиции
650 a Основная рубрика Макроэкономика
x Основная подрубрика Кризисы экономические
650 a Основная рубрика Микроэкономика
653 a Ключевые слова Предприятия см. также Фирмы
a Ключевые слова Менеджмент
a Ключевые слова Антикризисный менеджмент
a Ключевые слова Финансовое состояние предприятия
a Ключевые слова Банкротство
a Ключевые слова Риски (экон.)
a Ключевые слова Кризисы
a Ключевые слова Экономические кризисы
a Ключевые слова Регулирование кризисных ситуаций
a Ключевые слова Антикризисное управление
a Ключевые слова Инновации
a Ключевые слова Инвестиции
700 1_ a Другие авторы БЕЛЯЕВ А.А.
700 1_ a Другие авторы ВАЛОВОЙ ДМИТРИЙ ВАСИЛЬЕВИЧ
700 1_ a Другие авторы ГЛАЗУНОВА НЭЛЛИ ИВАНОВНА
700 1_ a Другие авторы ЕФИМОВА МАРИНА РОМАНОВНА
700 1_ a Другие авторы Жернакова М.Б.
700 1_ a Другие авторы Кириллова О.Ю.
700 1_ a Другие авторы Кирсанов К.А.
700 1_ a Другие авторы Кислицына И.П.
700 1_ a Другие авторы Тихомирова А.В.
700 1_ a Другие авторы Трененков Е.М.
700 1_ a Другие авторы Чекменева Т.П.
930 a Новая/Ретро учебники
952 c Вид литературы К ру
954 a Дата поступления на обработку 20000606
999 a Подразделение 2 Каб.УиС